• 首页
  • 本馆介绍
  • 公告通知
  • 最新文献
  • 馆藏检索
  • 电子资源
  • 读者导购
  • 参考咨询
  • 我的图书馆
  • 登录
  • 详细信息显示
  • 放入我的书架
  • 预约/预借图书
  • 作者相关作品
  • 分类相关作品
  • 丛书相关作品
  • 出版社相关作品

书目信息

  • 表格格式
  • 工作单格式
  • 卡片格式
题名:
身心灵全人生命教育
    
 
作者: 汪丽华 著
分册:  
出版信息: 北京   中国广播电视出版社  2014.5
页数: 329页
开本: 21cm
丛书名: 生命学与生命教育丛书
单 册:
中图分类: B083
科图分类:
主题词: 生命哲学--教育研究
电子资源:
ISBN: 978-7-5043-7138-6
000 01120oam2 2200265 450
001 339159
005 20150604093649.71
010    @a978-7-5043-7138-6@dCNY32.00
100    @a20140829d2014 em y0chiy50 ea
101 0  @achi
102    @aCN@b110000
105    @ay z 000yy
106    @ar
200 1  @a身心灵全人生命教育@Ashen xin ling quan ren sheng ming jiao yu@d= Body, mind and spirit of life education@e历史、理论与应用@f汪丽华著@zeng
210    @a北京@c中国广播电视出版社@d2014.5
215    @a329页@d21cm
225 2  @a生命学与生命教育丛书
330    @a本书从身、心、灵三个层面对人类, 尤其是大学生的全人生命教育理论进行了研究和分析。全书共分上中下三篇。上篇回顾了该理论的发展历史, 并对英国、中国台湾等地的生命教育模式进行了分析比较;中篇从身、心、灵三个层面, 提出了全人生命教育理论的发展目标;下篇探讨了如何将该理论有效地应用于实践。
410  0 @12001 @a生命学与生命教育丛书
510 1  @aBody, mind and spirit of life education@zeng
606 0  @a生命哲学@x教育研究
690    @aB083@v5
701  0 @a汪丽华@Awang li hua@c(女, @f1963)@4著
801  0 @aCN@b卓展宏图@c20150525
905    @dB083@e54@f5
    
    身心灵全人生命教育= Body, mind and spirit of life education:历史、理论与应用/汪丽华著.-北京:中国广播电视出版社,2014.5
    329页;21cm.-(生命学与生命教育丛书)
    
    
    ISBN 978-7-5043-7138-6:CNY32.00
    本书从身、心、灵三个层面对人类, 尤其是大学生的全人生命教育理论进行了研究和分析。全书共分上中下三篇。上篇回顾了该理论的发展历史, 并对英国、中国台湾等地的生命教育模式进行了分析比较;中篇从身、心、灵三个层面, 提出了全人生命教育理论的发展目标;下篇探讨了如何将该理论有效地应用于实践。
●
相关链接 在E读中查询图书 在五车中查询图书 在当当中查询图书 在豆瓣中查询图书


正题名:身心灵全人生命教育     索取号:B083/54         预约/预借

序号 登录号 条形码 馆藏地/架位号 状态 备注
1 859666   208596660   第一样本阅览室/ [索取号:B083/54] 在馆    
2 859667   208596679   第一借阅区/ [索取号:B083/54] 在馆    
3 859668   208596688   第一借阅区/ [索取号:B083/54] 在馆    
4 859669   208596697   教育系资料室/ [索取号:B083/54] 在馆    
5 859670   208596704   教育系资料室/ [索取号:B083/54] 在馆    
唐山师范学院图书馆 欢迎您!
大连网信软件有限公司© 版权所有